| 000 | 00670cam a22002413a 4500 | ||
|---|---|---|---|
| 001 | 4386 | ||
| 003 | PGUSA | ||
| 005 | 20140828083053.0 | ||
| 008 | 030801s2003||||xxu|||||s|||||000 | eng d | ||
| 040 |
_aPGUSA _beng |
||
| 042 | _adc | ||
| 050 | 4 | _aML | |
| 100 | 1 |
_aLiszt, Franz, _d1811-1886 |
|
| 245 | 1 | 0 |
_aLife of Chopin _h[electronic resource] / _cFranz Liszt |
| 260 |
_bProject Gutenberg, _c2003 |
||
| 506 | _aPublic domain in the USA. | ||
| 516 | _aElectronic text | ||
| 653 | _aChopin, Frédéric, 1810-1849 | ||
| 700 | 1 |
_aCook, Martha Walker, _d1806-1874 |
|
| 830 | 0 |
_aProject Gutenberg _v4386 |
|
| 856 | 4 | 0 | _uhttp://www.gutenberg.org/ebooks/4386 |
| 942 | _cEB | ||
| 999 |
_c233715 _d233715 |
||